| 000 | 00593nam a22002057a 4500 | ||
|---|---|---|---|
| 003 | Ost | ||
| 005 | 20250722103509.0 | ||
| 008 | 250722b |||||||| |||| 00| 0 eng d | ||
| 040 | _cBT-PhCST | ||
| 050 | _a25479 | ||
| 082 |
_222 _a005.8 _bMUN |
||
| 100 | _aMuniz, Joseph. | ||
| 245 |
_aSecurity operations center : _bbuilding, operating and maintaining your soc / |
||
| 260 |
_aIndiana, USA : _bCisco Press, Indianapolis, _cc2016. |
||
| 300 |
_axxii, 424 p. : _bill. ; _c24 cm. |
||
| 500 | _aIncludes index. | ||
| 700 | _aMcIntyre, Gary. | ||
| 700 | _aAlFardan, Nadhem. | ||
| 942 |
_2ddc _cSE |
||
| 999 |
_c10077 _d10077 |
||